Campanita nivel inicial (Registro nro. 13322)
[ vista simple ]
| 000 -LIDER | |
|---|---|
| fixed length control field | 00465nam a22001697a 4500 |
| 003 - IDENTIFICACDOR DE NÚMERO DE CONTROL | |
| control field | DO-SdBNP |
| 005 - DATE AND TIME OF LATEST TRANSACTION | |
| control field | 20180220130555.0 |
| 008 - ELEMENTOS DE LONGITUD FIJA | |
| fixed length control field | 180220b dr||||| |||| 00| 0 spa d |
| 020 ## - ISBN | |
| International Standard Book Number | 9945400746 |
| 040 ## - FUENTE DE CATALOGACIÓN | |
| Agencia que crea de manera original el registro | BPMSU |
| Idioma de catalogación | spa |
| Agencia que realiza la transcripción | BPMSU |
| 100 ## - ASIENTO PRINCIPAL -- NOMBRE PERSONAL | |
| Nombre personal | González Mariche, Zoraida |
| 245 ## - MENCIÓN DE TITULO | |
| Título | Campanita nivel inicial |
| Mención de responsabilidad | Zoraida González Mariche y Ernestina Grullón |
| 300 ## - DESCRIPCIÓN FÍSICA | |
| Extensión | 110 p. |
| 942 ## - ADDED ENTRY ELEMENTS (KOHA) | |
| Source of classification or shelving scheme | Dewey Decimal Classification |
| Koha item type | Libros |
| 945 ## - INFORMACIÓN DE PROCESAMIENTO LOCAL | |
| Información de procesamiento local | inventariado, 2018 / dg |
| 956 ## - LOCAL ELECTRONIC LOCATION AND ACCESS (OCLC) | |
| Nombre de host | dgarcia |
| Número de acceso | 10 |
| Withdrawn status | Lost status | Source of classification or shelving scheme | Damaged status | Not for loan | Collection code | Home library | Current library | Date acquired | Source of acquisition | Total Checkouts | Barcode | Date last seen | Price effective from | Koha item type |
|---|---|---|---|---|---|---|---|---|---|---|---|---|---|---|
| Dewey Decimal Classification | Colección Infantil Dominicana | Biblioteca Pública Metropolitana Salomé Ureña | Biblioteca Pública Metropolitana Salomé Ureña | 02/20/2018 | Donado | BPMSU18020198 | 02/20/2018 | 02/20/2018 | Libros |